Know-how : 8 kỹ năng của người thành công = Know-how : The 8 skills that separate people who perform from those who don't

Cuốn sách đưa ra cách tiếp cận mới và mạnh mẽ về nghệ thuật lãnh đạo dựa trên 8 kỹ năng dành cho người lãnh đạo. Đánh giá một người lãnh đạo không nên dánh giá quá nhiều vào vẻ bề ngoài, trí thông minh và phong cách, hơn là những kỹ năn...

全面介绍

Đã lưu trong:
书目详细资料
主要作者: Charan, Ram
格式: 图书
语言:Undetermined
出版: Hà Nội Lao động - Xã hội 2008
主题:
标签: 添加标签
没有标签, 成为第一个标记此记录!
Thư viện lưu trữ: Trung tâm Học liệu Trường Đại học Cần Thơ
LEADER 01139nam a2200217Ia 4500
001 CTU_135444
008 210402s9999 xx 000 0 und d
020 |c 69000 
082 |a 658.4092 
082 |b Ch662 
100 |a Charan, Ram 
245 0 |a Know-how : 8 kỹ năng của người thành công = 
245 0 |b Know-how : The 8 skills that separate people who perform from those who don't 
245 0 |c Ram Charan ; Trần Hữu Cương dịch 
260 |a Hà Nội 
260 |b Lao động - Xã hội 
260 |c 2008 
520 |a Cuốn sách đưa ra cách tiếp cận mới và mạnh mẽ về nghệ thuật lãnh đạo dựa trên 8 kỹ năng dành cho người lãnh đạo. Đánh giá một người lãnh đạo không nên dánh giá quá nhiều vào vẻ bề ngoài, trí thông minh và phong cách, hơn là những kỹ năng mà người lãnh đạo thực sự cần phải có. 
650 |a Lãnh đạo,Leadership 
904 |i Trọng Hiếu 
980 |a Trung tâm Học liệu Trường Đại học Cần Thơ